Cricket: Most Individual Career T20 Runs - Statistics

General Stats
  • This quiz has been taken 26 times
    19 since last reset
  • The average score is 11 of 22
Answer Stats
Country Runs Answer % Correct
WI 13898 Chris Gayle
100%
AUS 10017 David Warner
87%
IND 9929 Virat Kohli
87%
WI 10797 Kieron Pollard
80%
IND 9315 Rohit Sharma
80%
AUS 9718 Aaron Finch
73%
SA 9318 AB de Villiers
67%
IND 8617 Suresh Raina
60%
ENG 8066 Alex Hales
53%
WI 7870 Dwayne Smith
53%
PAK 10488 Shoaib Malik
53%
NZ 9922 Brendon McCullum
47%
NZ 7757 Martin Guptill
47%
AUS 8821 Shane Watson
40%
IND 8482 Shikhar Dhawan
40%
PAK 7004 Mohammad Hafeez
33%
NED 7524 Ryan ten Doeschate
27%
SA 7276 David Miller
20%
WI 7083 Lendl Simmons
20%
ENG 7998 Luke Wright
13%
AUS 7406 Brad Hodge
7%
ENG 7384 Ravi Bopara
7%
No matching quizzes found
Score Distribution
Percent of People with Each Score
Percentile by Number Answered
Your Score History
You have not taken this quiz since the last reset